| 000 | 00490nam a2200181Ia 4500 | ||
|---|---|---|---|
| 005 | 20250508152434.0 | ||
| 008 | 008 250505s9999 xx 000 0 eng d | ||
| 037 | _aTextual | ||
| 040 |
_aFEDL _beng _cFEDL |
||
| 041 |
_aeng _2eng |
||
| 084 |
_a362.3, MEN _qFEDL |
||
| 100 |
_aMenday R.P. _9761486 |
||
| 245 | 0 | _aEverlasting childhood | |
| 260 |
_aLondon, UK _bVictor Gollancz Limited _c1959 |
||
| 300 | _a233p. | ||
| 942 |
_cTEXL _h362.3, MEN |
||
| 999 |
_c1336423 _d1336423 |
||